| Tag |
First Indicator |
Second Indicator |
Subfields |
| LEADER |
00000cam a2200000Ii 4500 |
| 001 |
in00004069839 |
| 006 |
m o d |
| 007 |
cr cnu---unuuu |
| 008 |
190221s2019 enk ob 001 0 eng d |
| 005 |
20250816190619.0 |
| 020 |
|
|
|a 9780128154823
|q (electronic bk.)
|
| 020 |
|
|
|a 0128154829
|q (electronic bk.)
|
| 020 |
|
|
|a 9780128154816
|q (electronic bk.)
|
| 020 |
|
|
|a 0128154810
|q (electronic bk.)
|
| 024 |
8 |
|
|a 99980547499
|
| 035 |
|
|
|a (NhCcYBP)ybp16063096
|
| 040 |
|
|
|a NhCcYBP
|c NhCcYBP
|d UtOrBLW
|
| 050 |
|
4 |
|a TS171.95
|b .A15 2019
|
| 072 |
|
7 |
|a TEC
|x 009000
|2 bisacsh
|
| 072 |
|
7 |
|a TEC
|x 035000
|2 bisacsh
|
| 082 |
0 |
4 |
|a 620.136
|2 23
|
| 245 |
0 |
0 |
|a 3D concrete printing technology :
|b construction and building applications /
|c edited by Jay G. Sanjayan, Ali Nazari, Behzad Nematollahi.
|
| 246 |
3 |
|
|a Three-dimensional concrete printing technology
|
| 264 |
|
1 |
|a Oxford :
|b Butterworth-Heinemann, an imptint of Elsevier,
|c [2019]
|
| 300 |
|
|
|a 1 online resource.
|
| 336 |
|
|
|a text
|b txt
|2 rdacontent
|
| 337 |
|
|
|a computer
|b c
|2 rdamedia
|
| 338 |
|
|
|a online resource
|b cr
|2 rdacarrier
|
| 504 |
|
|
|a Includes bibliographical references and index.
|
| 588 |
0 |
|
|a Online resource; title from PDF title page (EBSCO, Febrary 22, 2019).
|
| 588 |
0 |
|
|a Print version record.
|
| 500 |
|
|
|a Electronic resource.
|
| 650 |
|
0 |
|a Three-dimensional printing
|x Industrial applications.
|
| 650 |
|
0 |
|a Concrete.
|0 http://id.loc.gov/authorities/subjects/sh85030647
|
| 655 |
|
7 |
|a Electronic books.
|2 local
|
| 700 |
1 |
|
|a Sanjayan, Jay G.,
|e editor.
|
| 700 |
1 |
|
|a Naẓarī, ʻAlī,
|e editor.
|
| 700 |
1 |
|
|a Nematollahi, Behzad,
|e editor.
|
| 710 |
2 |
|
|a ScienceDirect (Online service)
|0 http://id.loc.gov/authorities/names/no00037061
|
| 776 |
1 |
8 |
|i Print version:
|a SANJAYAN, JAY G. NAZARI, ALI. NEMATOLLAHI, BEHZAD.
|t 3D CONCRETE PRINTING TECHNOLOGY.
|d [Place of publication not identified], BUTTERWORTH-HEINEMANN INC, 2019
|z 0128154810
|
| 856 |
4 |
0 |
|u http://proxy.library.tamu.edu/login?url=https://www.sciencedirect.com/science/book/9780128154816
|z Connect to the full text of this electronic book
|t 0
|
| 955 |
|
|
|a YBP purchased firm e-records
|
| 980 |
|
|
|b 270.00
|g 1
|
| 999 |
f |
f |
|s 848d8d69-e202-3b15-8874-53e9517ba59e
|i 3595767e-77b1-3a4d-892e-9cc608d5248e
|t 0
|
| 952 |
f |
f |
|a Texas A&M University
|b College Station
|c Electronic Resources
|d Available Online
|t 0
|e TS171.95 .A15 2019
|h Library of Congress classification
|
| 998 |
f |
f |
|a TS171.95 .A15 2019
|t 0
|l Available Online
|